All Municipalities of Szabolcs-Szatmár-Bereg County, Hungary on a Map - Statistics

General Stats
  • This quiz has been taken 425 times
  • The average score is 71 of 229
Answers on the Map
Answers color-coded by a green-red scale on the quiz's map according to % correct below.
 
Answer Stats
Answer % Correct
Nyíregyháza
98%
Nyírbátor
89%
Mátészalka
82%
Záhony
80%
Kisvárda
77%
Fehérgyarmat
68%
Csenger
66%
Újfehértó
66%
Tiszavasvári
61%
Nagykálló
57%
Csengersima
55%
Nyírtelek
55%
Tiszalök
55%
Máriapócs
52%
Ibrány
50%
Ófehértó
50%
Vásárosnamény
50%
Baktalórántháza
48%
Nyírlugos
48%
Szabolcs
48%
Ajak
45%
Demecser
45%
Dombrád
45%
Tiszabecs
45%
Kemecse
43%
Kótaj
43%
Mánd
43%
Napkor
43%
Rakamaz
43%
Tiszadob
43%
Kék
41%
Kölcse
41%
Mándok
41%
Szatmárcseke
41%
Balkány
39%
Kállósemjén
39%
Nyírmada
39%
Nyírmeggyes
39%
Ököritófülpös
39%
Tarpa
39%
Túristvándi
39%
Újdombrád
39%
Beregsurány
36%
Jánkmajtis
36%
Kálmánháza
36%
Nagyecsed
36%
Nyírtura
36%
Őr
36%
Sonkád
36%
Timár
36%
Tiszaeszlár
36%
Tiszamogyorós
36%
Apagy
34%
Balsa
34%
Beregdaróc
34%
Kocsord
34%
Nagyhalász
34%
Nyírbogdány
34%
Nyírpazony
34%
Sényő
34%
Tiszadada
34%
Tunyogmatolcs
34%
Tuzsér
34%
Tyukod
34%
Vaja
34%
Zsurk
34%
Barabás
32%
Döge
32%
Érpatak
32%
Fényeslitke
32%
Garbolc
32%
Gávavencsellő
32%
Győröcske
32%
Győrtelek
32%
Gyüre
32%
Jánd
32%
Jármi
32%
Kékcse
32%
Komoró
32%
Kömörő
32%
Levelek
32%
Nagyar
32%
Nagycserkesz
32%
Nyírmihálydi
32%
Paszab
32%
Pócspetri
32%
Porcsalma
32%
Szabolcsveresmart
32%
Szorgalmatos
32%
Tiszabezdéd
32%
Tornyospálca
32%
Biri
30%
Buj
30%
Gulács
30%
Kisar
30%
Kisléta
30%
Lónya
30%
Nyírbogát
30%
Nyírtass
30%
Pap
30%
Tiszanagyfalu
30%
Tiszaszentmárton
30%
Tiszatelek
30%
Tivadar
30%
Ura
30%
Aranyosapáti
27%
Cégénydányád
27%
Csaroda
27%
Jéke
27%
Kisvarsány
27%
Lövőpetri
27%
Magy
27%
Mérk
27%
Nagyvarsány
27%
Nyírgyulaj
27%
Nyírkáta
27%
Nyírlövő
27%
Nyírvasvári
27%
Ópályi
27%
Székely
27%
Terem
27%
Tiborszállás
27%
Tiszabercel
27%
Tisztaberek
27%
Uszka
27%
Zsarolyán
27%
Anarcs
25%
Benk
25%
Botpalád
25%
Csengerújfalu
25%
Eperjeske
25%
Gacsály
25%
Gégény
25%
Geszteréd
25%
Gyügye
25%
Gyulaháza
25%
Hetefejércse
25%
Hodász
25%
Ilk
25%
Kispalád
25%
Magosliget
25%
Mezőladány
25%
Nyírcsaholy
25%
Nyírcsászári
25%
Nyírgelse
25%
Nyírparasznya
25%
Olcsva
25%
Olcsvaapáti
25%
Panyola
25%
Pátroha
25%
Penészlek
25%
Rozsály
25%
Szamosbecs
25%
Szamossályi
25%
Szamosújlak
25%
Tákos
25%
Tiszakanyár
25%
Tiszaszalka
25%
Tiszavid
25%
Túrricse
25%
Vámosatya
25%
Vasmegyer
25%
Zajta
25%
Beszterec
23%
Császló
23%
Csegöld
23%
Encsencs
23%
Fülpösdaróc
23%
Gelénes
23%
Hermánszeg
23%
Kishódos
23%
Márokpapi
23%
Milota
23%
Nagyhódos
23%
Nyírbéltek
23%
Nyírpilis
23%
Ömböly
23%
Penyige
23%
Petneháza
23%
Ramocsaháza
23%
Rápolt
23%
Rétközberencs
23%
Szamoskér
23%
Szamostatárfalva
23%
Tiszaadony
23%
Tiszacsécse
23%
Tiszakerecseny
23%
Tiszakóród
23%
Tiszarád
23%
Újkenéz
23%
Vállaj
23%
Bátorliget
20%
Berkesz
20%
Bököny
20%
Csaholc
20%
Darnó
20%
Fábiánháza
20%
Fülesd
20%
Géberjén
20%
Kántorjánosi
20%
Kérsemjén
20%
Kisnamény
20%
Kisszekeres
20%
Komlódtótfalu
20%
Laskod
20%
Mátyus
20%
Méhtelek
20%
Nagydobos
20%
Nagyszekeres
20%
Nyírjákó
20%
Papos
20%
Piricse
20%
Rohod
20%
Szabolcsbáka
20%
Szakoly
20%
Szamosangyalos
20%
Szamosszeg
20%
Vámosoroszi
20%
Gemzse
18%
Nábrád
18%
Nemesborzova
18%
Nyírderzs
18%
Nyírkarász
18%
Nyírtét
18%
Pátyod
18%
Pusztadobos
18%
Besenyőd
16%
Nyírkércs
16%
Nyíribrony
14%
No matching quizzes found
Score Distribution
Percent of People with Each Score
Percentile by Number Answered
Your Score History
You have not taken this quiz